[Event "AUTO-OPEN-4526"]
[Site "http://www.queenalice.com/game.php?id=1867336"]
[Date "2025.12.23"]
[Round "2"]
[White "pomar"]
[Black "josebaron"]
[Result "0-1"]
[WhiteElo "1911"]
[BlackElo "2197"]

1. f3 e5 2. Kf2 Nf6 3. e3 Be7 4. c4 d5 5. Qb3 d4 6. d3 Bc5 7. e4 O-O 8. h3 Nh5
9. Ne2 Nc6 10. g4 Qh4+ 11. Kg2 a6 12. Bd2 Nf4+ 13. Nxf4 exf4 14. Bxf4 Bd6 15.
Bxd6 cxd6 16. Nd2 Qf6 17. h4 Qf4 18. Qd1 Ne5 19. Qe1 h5 20. Nb3 Qxf3+ 21. Kh2
Nxg4+ 22. Kg1 b5 23. Rh3 Qf6 24. Rg3 bxc4 25. dxc4 Be6 26. Qd1 Qxh4 27. Rg2 Ne3
28. Rxg7+ Kxg7 29. Qxd4+ f6 30. Qxe3 Qg5+ 31. Kf2 Qxe3+ 32. Kxe3 f5 33. exf5
Rxf5 34. Nd4 Re5+ 35. Kd3 Bg4 36. Bg2 Rae8 37. Rf1 Be2+ 38. Nxe2 Rxe2 39. Bc6
R8e3+ 40. Kd4 Re5 41. Bd5 Rxb2 42. Rf7+ Kg6 43. Rd7 Rd2+ 44. Kc3 Rdxd5 45. cxd5
Rxd5 46. Kc4 Rc5+ 47. Kd4 Ra5 48. Rxd6+ Kg5 49. Rd5+ Rxd5+ 50. Kxd5 h4 51. a4 h3
52. Kc6 h2 53. Kb6 h1=Q 54. Kxa6 Qa8+ 55. Kb5 Kf5 56. a5 Ke5 57. Kb6 Kd6 58. a6
Qb8+ 59. Ka5 Kc5 0-1

[Event "AUTO-OPEN-4526"]
[Site "http://www.queenalice.com/game.php?id=1867337"]
[Date "2025.12.23"]
[Round "2"]
[White "josebaron"]
[Black "pomar"]
[Result "1/2-1/2"]
[WhiteElo "2196"]
[BlackElo "1881"]

1. e4 e6 2. Nf3 d5 3. exd5 exd5 4. d4 c5 5. dxc5 Bxc5 6. Bb5+ Nc6 7. O-O Ne7 8.
Re1 Qb6 9. Bxc6+ bxc6 10. Be3 Bxe3 11. Rxe3 Qxb2 12. Nbd2 Be6 13. Ng5 Nf5 14.
Rb3 Qf6 15. Nxe6 Qxe6 16. Nf3 O-O 17. Rab1 Rfe8 18. h3 h6 19. a4 Qf6 20. a5 Red8
21. g4 Nh4 22. Nxh4 Qxh4 23. Qd4 Re8 24. Re3 Rxe3 25. Qxe3 Kf8 26. Kg2 a6 27.
Qc5+ Qe7 28. Qxc6 Qe4+ 29. Kg1 Rd8 30. Qc7 Re8 31. Rb7 Qe1+ 32. Kg2 Qe4+ 33. Kg1
Qe1+ 34. Kg2 Qe4+ 35. Kg3 Qe5+ 36. Qxe5 Rxe5 37. Rd7 d4 38. Rxd4 Rxa5 39. Rd7
Rc5 40. Ra7 a5 41. h4 g5 42. Ra8+ Kg7 43. h5 f5 44. Ra7+ Kf6 45. Ra6+ Kg7 46.
Ra7+ Kf8 47. Ra8+ Kf7 48. Ra7+ Ke8 49. Ra8+ Kd7 50. Rh8 f4+ 51. Kg2 Rc6 52. Rh7+
Kc8 53. Ra7 Rxc2 54. Rxa5 Kd7 55. Ra7+ Kd6 56. Rh7 Ke5 57. Rxh6 Ke4 58. Re6+ Kd5
59. Re1 Rc6 60. Rh1 1/2-1/2

[Event "AUTO-MASTER-3293"]
[Site "http://www.queenalice.com/game.php?id=1867983"]
[Date "2026.1.15"]
[Round "1"]
[White "cerenzo72"]
[Black "pomar"]
[Result "1-0"]
[WhiteElo "2147"]
[BlackElo "1906"]

1. c4 e6 2. g3 c5 3. Bg2 Nc6 4. Nc3 a6 5. e3 Nf6 6. Nf3 d5 7. cxd5 exd5 8. O-O
Bf5 9. a3 Be7 10. d4 c4 11. Nh4 Be6 12. Bf3 O-O 13. Ng2 b5 14. Nf4 Re8 15. Nxe6
fxe6 16. e4 Rc8 17. e5 Nd7 18. Bg4 Bg5 19. f4 Bh6 20. f5 Bxc1 21. Qxc1 Nxd4 22.
f6 Nxe5 23. Qg5 g6 24. Qxe5 Qb6 25. f7+ Kf8 26. fxe8=Q+ Kxe8 27. Kg2 Rc7 28.
Nxd5 Qc5 29. Nxc7+ 1-0

[Event "AUTO-MASTER-3293"]
[Site "http://www.queenalice.com/game.php?id=1868001"]
[Date "2026.1.15"]
[Round "1"]
[White "pomar"]
[Black "chessman"]
[Result "0-1"]
[WhiteElo "1894"]
[BlackElo "1968"]

1. f3 d5 2. Kf2 e5 3. e3 Nf6 4. d4 e4 5. c4 c6 6. Nc3 Bb4 7. Bd2 Bxc3 8. Bxc3
O-O 9. Qb3 Re8 10. cxd5 cxd5 11. Bb5 Nc6 12. Ne2 Qe7 13. Rhe1 exf3 14. Nf4 fxg2
15. Nxd5 Ne4+ 16. Kxg2 Qg5+ 17. Kf1 Bh3+ 18. Ke2 Qg2+ 19. Kd1 a6 20. Bf1 Bg4+
21. Be2 Nf2+ 22. Kd2 Qxh2 23. Bxg4 Nxg4+ 24. Re2 Qd6 25. Rg1 Nh2 26. Kd1 Nf3 27.
Nf6+ Qxf6 28. d5 Qf5 29. Rxg7+ Kf8 30. dxc6 Qb1# 0-1

[Event "AUTO-OPEN-4634"]
[Site "http://www.queenalice.com/game.php?id=1868029"]
[Date "2026.1.15"]
[Round "1"]
[White "chessman"]
[Black "pomar"]
[Result "1-0"]
[WhiteElo "1981"]
[BlackElo "1886"]

1. e4 e6 2. d4 d5 3. e5 c5 4. c3 Qb6 5. f4 Nc6 6. Nf3 cxd4 7. cxd4 Bb4+ 8. Nc3
Bd7 9. Be2 Nge7 10. g4 O-O 11. a3 Bxc3+ 12. bxc3 Qc7 13. O-O a6 14. Bd3 h6 15.
Be3 b5 16. Nh4 Na5 17. f5 f6 18. exf6 Rxf6 19. Bf4 Qxc3 20. Be5 exf5 21. Nxf5
Nxf5 22. gxf5 Raf8 23. Kh1 R6f7 24. Rg1 Nc4 25. f6 Nxe5 26. fxg7 Rxg7 27. Rxg7+
Kxg7 28. dxe5 Qxe5 29. Qg1+ Kf6 30. Rf1+ Ke7 31. Re1 1-0

[Event "AUTO-OPEN-4634"]
[Site "http://www.queenalice.com/game.php?id=1868053"]
[Date "2026.1.15"]
[Round "1"]
[White "maurice916"]
[Black "pomar"]
[Result "0-1"]
[WhiteElo "1824"]
[BlackElo "1872"]

1. Nf3 e6 2. b3 d5 3. Bb2 c5 4. e3 Qb6 5. Be2 Nc6 6. O-O Nf6 7. d4 cxd4 8. Nxd4
a5 9. a3 Bd7 10. c3 a4 11. b4 Na7 12. Nd2 Nc6 13. Rb1 Bd6 14. Bf3 O-O 15. Ba1
Na7 16. Re1 Nb5 17. Nxb5 Qxb5 18. Be2 Qb6 19. Nf3 Qc7 20. Rc1 b5 21. Nd4 e5 22.
Nf3 e4 23. Nd4 Qb6 24. f3 exf3 25. Nxf3 Qxe3+ 26. Kh1 Ne4 27. Qd3 Nf2+ 0-1